Determinación de la contaminación atmosférica causada por partículas en suspensión en el area metropolitana de San José

Сохранить в:
Библиографические подробности
Главный автор: Rodríguez Arce, Juan Carlos
Формат: Неизвестно
Опубликовано: [San José : Costa Rica] 1982
Предметы:
Метки: Добавить метку
Нет меток, Требуется 1-ая метка записи!

MARC

LEADER 00000 a2200000 4500
003 001883
005 20221231143750.0
008 140114s1982 cr a m 000 ||s d
040 |c cru CEDI 
090 |a TFG 1223 
100 |a Rodríguez Arce, Juan Carlos  |9 4421 
245 |a Determinación de la contaminación atmosférica causada por partículas en suspensión en el area metropolitana de San José 
260 |c 1982  |a [San José : Costa Rica] 
300 |a  78 hojas : ilustraciones ; 28 cm  
500 |a Proyecto de graduación(licenciatura en ingeniería química)--Universidad de Costa Rica. Facultad de Ingeniería. Escuela de Ingeniería Química 
650 |x CONTAMINACION DEL AIRE  |9 15544 
942 |c TFG 
999 |c 11459  |d 11459